Sale of condemned property. Letter from the Sergeant at Arms of the Senate of the date of December 1, 1919, reporting the sale of property condemned in accordance with the statutes and the deposit of the proceeds with the Financial Clerk of the Senate.

Bibliographic Details
Corporate Author: ProQuest (Firm)
Format: eBook
Language:English
Published: Washington : [publisher not identified], 1919.
Series:United States congressional serial set.
Subjects:
Online Access:Connect to the full text of this electronic book

MARC

Tag First Indicator Second Indicator Subfields
LEADER 00000cam a22000001a 4500
001 in00002791421
005 20190331182655.0
006 m o d
007 cr bn mmmapmmp
008 100104s1919 dcud o f000 0 eng d
035 |a cis2004340472 
040 |a UMI  |c UMI  |d UtOrBLW 
043 |a n-us--- 
099 |a ProQuest Serial Set Number 7670 S.doc.164 
245 0 0 |a Sale of condemned property. Letter from the Sergeant at Arms of the Senate of the date of December 1, 1919, reporting the sale of property condemned in accordance with the statutes and the deposit of the proceeds with the Financial Clerk of the Senate. 
246 1 |a Sale and proceeds of condemned property of Senate, 1919 
264 1 |a Washington :  |b [publisher not identified],  |c 1919. 
300 |a 1 online resource. 
336 |a text  |b txt  |2 rdacontent 
337 |a computer  |b c  |2 rdamedia 
338 |a online resource  |b cr  |2 rdacarrier 
490 0 |a S.doc.164 
500 |a Record is based on bibliographic data in ProQuest U.S. Serial Set Digital Collection (last viewed Jan. 2010). Reuse except for individual research requires license from ProQuest, LLC. 
510 3 |a ProQuest U.S. Serial Set Digital Collection 
500 |a Electronic resource. 
610 1 0 |a United States.  |b Congress.  |b Senate. 
650 0 |a Revenue. 
655 7 |a Electronic books.  |2 local 
710 2 |a ProQuest (Firm) 
830 0 |a United States congressional serial set. 
856 4 0 |u http://proxy.library.tamu.edu/login?url=http://congressional.proquest.com/congcomp/getdoc?SERIAL-SET-ID=7670+S.doc.164  |z Connect to the full text of this electronic book  |t 0 
999 |a MARS 
999 f f |s 135cd7f5-5744-38a2-9cbf-5f53e7b53adf  |i cc3127c7-0049-30e6-95f4-60abfc0b5bc3  |t 0 
952 f f |a Texas A&M University  |b College Station  |c Electronic Resources  |d Available Online  |t 0  |e ProQuest Serial Set Number 7670 S.doc.164  |h Other scheme 
998 f f |a ProQuest Serial Set Number 7670 S.doc.164  |t 0  |l Available Online